| 000 | 00422pam a2200133 a 4500 | ||
|---|---|---|---|
| 082 | 0 | 0 |
_a662.2 _bBEB _cL-7, P-5 |
| 100 | 1 |
_aBebie, jules _944784 |
|
| 245 | 1 | 0 |
_aManual of explosives military pyrotechnics and chemical warfare agents _cJules beie. |
| 260 |
_aNew York : _bMcGraw-Hill, _cc1943. |
||
| 300 |
_axiii, 171 p. _bill. ; _c18 cm. |
||
| 526 |
_a0 _b0 _c0 _d662_200000000000000_BEB |
||
| 650 | 0 |
_aMCE _9379 |
|
| 942 |
_2ddc _cBK |
||
| 999 |
_c548474 _d548474 |
||